Tramwaje Warszawa- Linia 3 (przystanki) - Statystyki

Ogólne statystyki
  • Ten quiz został rozwiązany 93 razy
  • Średni wynik to 23 z 29
Statystyki odpowiedzi
Numer przystanku Nazwa przystanku % Poprawnych
1. Annopol
96%
29. Gocławek
96%
23. Wiatraczna
95%
13. Dworzec Wileński
92%
10. Rondo Żaba
89%
15. Kijowska
86%
8. Pożarowa
86%
14. Ząbkowska
86%
16. Aleja Zieleniecka
82%
5. Rembielińska
81%
2. Toruńska
81%
7. Budowlana
79%
3. Kondratowicza
78%
28. Kwatery Głównej
78%
17. Lubelska
77%
26. Plac Szembeka
77%
20. Praga Południe-ratusz
77%
12. Inżynierska
74%
25. Wspólna Droga
74%
11. Bródnowska
71%
6. Julianowska
71%
4. Poborzańska
71%
19. Gocławska
68%
22. Kickiego
68%
9. Staniewicka
68%
27. Żółkiewskiego
68%
18. Bliska
66%
24. Czapelska
64%
21. Międzyborska
63%
Nie znaleziono quizów pasujących do podanych kryteriów
Rozkład punktacji
Procent ludzi z każdym wynikiem
Percentyl według liczby udzielonych odpowiedzi
Twoja historia wyników
Nie rozwiązałeś tego quizu